000 00904cam a22002531 4500
001 agr67000135
003 DLC
005 20260227111026.0
008 760805s1966 dcu f000 0 eng
010 _aagr67000135
035 _a(OCoLC)2357283
040 _aDLC
_cTxComS
_dDLC
042 _apremarc
050 0 0 _aS599.T4
_bW5
100 1 _aWilliams, Jack C.,
_d1928-
245 1 0 _aSoil survey, Gray County, Texas
_c[by Jack C. Williams and Anthony J. Welker.
260 _aWashington]
_bU.S. Dept. of Agriculture, Soil Conservation Service; [for sale by the Supt. of Docs., U.S. Govt. Print. Off.]
_c1966.
300 _a73 p.
_billus., maps (part fold. col.)
_c28 cm.
500 _aCover title.
504 _aBibliography: p. 72.
650 0 _aSoil surveys
_zTexas
_zGray County.
700 1 _aWelker, Anthony Joseph,
_d1913-
_ejoint author.
710 1 _aUnited States.
_bSoil Conservation Service.
999 _c12191
_d12191